Asian cities by picture - Statistics

General Stats
  • This quiz has been taken 21 times
  • The average score is 12 of 16
Answer Stats
Picture Answer % Correct
Mecca
95%
Jerusalem
90%
Shanghai
90%
Beijing
85%
Agra
80%
Istanbul
80%
Kuala Lumpur
80%
Dubai
75%
Tokyo
75%
Bangkok
70%
Pyongyang
70%
Singapore
70%
Lhasa
65%
Taipei
65%
Yangon
45%
Seoul
40%
No matching quizzes found
Score Distribution
Percent of People with Each Score
Percentile by Number Answered
Your Score History
You have not taken this quiz